000 01027nam0a22002531 4500
001 rc\279412
005 20030307120624.7
010 _a5-02-005370-8
_91000
035 _a(NLR Aleph) 005506792
090 _a5363674
_c5363674
100 _a20030307d1990 u |0rusy50 ca
101 0 _arus
102 _aRU
105 _aa |||||||||
200 1 _aМозг и поведение
_e[Сб. ст. по материалам IX междунар. конф., состоявшейся в г. Дилижане 30 мая - 3 июня 1988 г.]
_fАН СССР, Ин-т высш. нерв. деятельности и нейрофизиологии
_gОтв. ред. М.Г. Айрапетянц
210 _aМ.
_cНаука
_d1990
215 _a590, [1] с., [1] л. портр.
_cил.
_d22
320 _aБиблиогр. в конце ст.
702 1 _aАйрапетянц
_bМ. Г.
_gМикаэл Гайкович
_4340
801 0 _aRU
_bNLR
_gpsbo
801 1 _aRU
_bELAR
_2rusmarc
852 _aNLR
_j90-5/892
942 _cBOOK
980 _aNB